000 01308nam a22003137a 4500
001 5203
003 FISKH
005 20241119085748.0
008 241119b cb ||||| |||| 00| 0 eng d
020 _a9780860206538
040 _aFISKH
_beng
_cFISKH
_dFISKH
050 _aQH48
082 _a508
100 _aMitchell, Andrew
245 _aThe Young Naturalist /
_cby Andrew Mitchell
250 _aFirst publish in 1982
260 _aLondon :
_bUsborne Publishing Ltd ;
_c1989, 1982 .
300 _a32 pages :
_bcolor illustrations ;
_c28 cm .
490 _aUsborne Hobby Guides
505 _aU
520 _aThe Usborne Young Naturalist is an introduction to nature study for complete beginners. There is much more to being a naturalist than simply collecting and identifying animals and plants. This book shows how to set about collecting, observing and experimenting in the natural world. There are lots of activities and projects to do and ideas for going further. This book is an ideal starting point for anyone who wants to take up a fun new hobby.
521 8 _a820
_bLexile estimate
521 8 _aU
_bRaz-Plus
650 _anature study
_vnon-fiction
650 _abiology
_vnon-fiction
700 _aJackson, Ian
_eillustrator
942 _2ddc
_cBK
_n0
999 _c5203
_d5203